Szőrös kő tőbb felől, több felé

Bibliographic Details
Main Author: Kenéz, Borbála (Author)
Format: Article
Language:Hungarian
PhysicalDescription:Fotogr.
Subjects:

MARC

LEADER 00000nab a2200000 ar4500
001 vtls009003816
003 SK-MaSNL
005 20260319071301.0
008 070522c20070519xo |||||||| 000 b|hun
015 |a SNBRB2007/05  |2 snkbucl 
038 |a SNKBUCL 
040 |a DSZK  |b slo  |c DSZK  |e AACR2 
041 0 |a hun 
044 |a xo  |c SK 
080 |a 82:070  |x (=511.141)  |x (437.6)  |2 1997 
080 |a 070.488  |x (=511.141)  |x (437.6)  |2 1997 
100 1 |a Kenéz, Borbála  |4 aut  |9 1035749 
245 1 0 |a Szőrös kő tőbb felől, több felé  |c Kenéz Borbála 
300 |b Fotogr. 
630 0 7 |a Szőrös kő (časopis)  |y 2007  |x č. 2  |2 snkbucl  |9 1065890 
655 7 |a bibliografické prehľady  |2 snkbucl  |9 534643 
773 0 |t Új szó  |g Évf. 60, sz. 114 (19.5.2007), o. 16 
773 0 8 |i Mell.:  |t Szalon  |g Évf. 1, sz. 19 (2007) 
852 |a SNK  |b KIS3GCP 
852 |a DSZK  |b KIS3GCP 
958 |a HU 
958 |a SK 
958 |a LX 
999 |c 1751871  |d 1753801